000 00873nam a2200229Ia 4500
003 Ost
005 20260507075542.0
008 260507s9999||||xx |||||||||||||| ||und||
020 _a9773790403
040 _cfsecg
041 _aara
082 _a336
100 _aالصيرفي، محمد
_eمؤلف
245 0 _aإدارة المال و تحليل هيكله /
_c محمد الصيرفي
260 _aالاسكندرية:
_bدار الفكر الجامعي,
_c2006
300 _a571 صفحة؛
_bإيضاحات ؛
_c24 سم
504 _aبيبليوغرافيا: ص ص.565-569
520 _aيضم الوظيفة المالية، التخطيط المالي، التنظيم المالي، التحليل المالي، الرقابة المالية
653 _aالرقابة المالية
653 _aالمالية العامة
942 _cكتاب
999 _c44874
_d44874